000 00606nam a2200253Ia 4500
003 OSt
005 20221005120603.0
006 a|||||r|||| 00| 0
007 ta
008 221004b |||||||| |||| 00| 0 tam d
020 _c7.50
024 _a49824
037 _cTextual
040 _aCRL
_cCRL
_btam
041 _2tam
_atam
082 _aO31,3N22,33, L3
100 _aAkilan Au.
_9229592
245 0 _aEnge pogirom
260 _c1973
300 _a392p.
_ccm.
650 _aTAMIL FICTION
942 _hO31,3N22,33, L3
_cTEXL
_2cc
999 _c1038492
_d1038492